Catálogo
 En Linea

Los tesoros perdidos de europa / (Registro nro. 39420)

Detalles MARC
000 -CABECERA
campo de control de longitud fija 00407nam a2200133 a 4500
001 - NÚMERO DE CONTROL
campo de control 000039930
005 - FECHA Y HORA DE LA ÚLTIMA TRANSACCIÓN
campo de control 20201002033820.0
008 - DATOS DE LONGITUD FIJA--INFORMACIÓN GENERAL
campo de control de longitud fija 130730s1950 sp a 000 0 spa d
040 ## - FUENTE DE LA CATALOGACIÓN
Centro catalogador/agencia de origen DO-SdBNP
Lengua de catalogación spa
Centro/agencia transcriptor BNPHU
245 14 - MENCIÓN DE TÍTULO
Título Los tesoros perdidos de europa /
Mención de responsabilidad, etc. Compilador Henry la Farge.
260 ## - PUBLICACIÓN, DISTRIBUCIÓN, ETC.
Lugar de publicación, distribución, etc. Barcelona :
Nombre del editor, distribuidor, etc. Seix Barral,
Fecha de publicación, distribución, etc. 1950.
300 ## - DESCRIPCIÓN FÍSICA
Extensión 427 :
Otras características físicas ils. ;
Dimensiones 28 cm.
700 1# - PUNTO DE ACCESO ADICIONAL--NOMBRE DE PERSONA
Nombre de persona La Farge, Henry,
Término indicativo de función/relación comp.
9 (RLIN) 66137
Existencias
Estado de retiro Estado de pérdida Restricciones de uso No para préstamo Código de colección Localización permanente Ubicación/localización actual Ubicación en estantería Fecha de adquisición Número de inventario Total de préstamos Signatura topográfica completa Código de barras Fecha visto por última vez Precio válido a partir de Tipo de ítem Koha
        Monografías: Libros y Folletos General General En catalogación 30.07.2013 LF1   39930-10 25.06.2020 25.06.2020 Préstamo en sala

Con tecnología Koha